[Event "ch-SWE Master Elite"]
[Site "Vasteras SWE"]
[Date "2011.07.24"]
[Round "9"]
[White "Eriksson, Joh"]
[Black "Hillarp Persson, T."]
[Result "0-1"]
[WhiteElo "2401"]
[BlackElo "2547"]
[PlyCount "88"]
[EventDate "2011.07.16"]
[EventType "tourn"]
[EventRounds "9"]
[EventCountry "SWE"]
[EventCategory "10"]
[Source "Mark Crowther"]
[SourceDate "2011.07.26"]

1. d4 e6 2. Nf3 c5 3. g3 b5 4. Bg2 Bb7 5. Na3 Qb6 6. dxc5 Bxc5 7. O-O Nf6 8. b4
Bxb4 9. Rb1 Bxa3 10. Bxa3 a5 11. Ne5 Bxg2 12. Nc4 Qc6 13. Nd6+ Kf8 14. Rxb5
Bxf1 15. Nf5+ d6 16. Bxd6+ Ke8 17. Nxg7+ Kd7 18. Ba3+ Nd5 19. Rc5 Qb7 20. c4
Na6 21. Qa4+ Kd8 22. Rb5 Nc3 23. Qxa5+ Nc7 24. Rxb7 Rxa5 25. Bb4 Ra8 26. Bxc3
Bxe2 27. Nxe6+ fxe6 28. Bxh8 Kc8 29. Rb2 Bxc4 30. Rc2 Ra4 31. Be5 Nb5 32. h4
Kd7 33. Kh2 Na7 34. Rc3 Nc6 35. Bf6 Bxa2 36. f3 h5 37. Kh3 Bd5 38. Re3 Ke8 39.
Bg5 Nd4 40. g4 Bxf3 41. gxh5 Bxh5 42. Rc3 Bg4+ 43. Kg2 Ra2+ 44. Kf1 Nf3 0-1